History Quiz

Random History or Country Quiz
Score 0/25 Timer 05:00
4 Plays Today
% Correct
Japan
97.4%
South Africa
97.1%
Germany
93.6%
Iceland
89.3%
Chile
87.8%
United States
79.2%
Italy
76.8%
United Kingdom
76.8%
France
74.1%
Netherlands
69.9%
United Arab Emirates
67%
Pakistan
63.9%
Haiti
62.4%
% Correct
Sri Lanka
61.7%
Bangladesh
60.2%
South Korea
58.1%
Iraq
56.8%
Georgia
49%
Afghanistan
47.5%
Russia
46.4%
Myanmar
37.9%
Yemen
35.3%
Tunisia
29.5%
Kyrgyzstan
21%
Iran
20.8%
Remove Ads.
Support Sporcle.
Get the best of Sporcle when you Go Orange. This ad-free experience offers more features, more stats, and more fun while also helping to support Sporcle. Thank you for becoming a member.

You're not logged in!

Compare scores with friends on all Sporcle quizzes.
OR
Log In

Show Comments

Extras

Top Quizzes Today


Score Distribution

Your Account Isn't Verified!

In order to create a playlist on Sporcle, you need to verify the email address you used during registration. Go to your Sporcle Settings to finish the process.

Report this User

Report this user for behavior that violates our Community Guidelines.

Details: